Načítá se...

Environmental politics : people's lives and development choices/

Podrobná bibliografie
Hlavní autor: Krishna, Sumi
Médium: Printed Book
Jazyk:English
Vydáno: New Delhi: Sage, 1996.
Témata:
LEADER 00642nam a22001817a 4500
008 191116b ||||| |||| 00| 0 eng d
999 |c 344940  |d 344940 
020 |a 0803993137 
082 |a 363.700954 
100 |a  Krishna, Sumi 
245 |a  Environmental politics :  |b people's lives and development choices/  |c Sumi Krishna 
260 |a New Delhi:  |b Sage,  |c 1996. 
300 |b 303p. 
650 0 |a India 
650 0 |a Sustainable development 
650 0 |a Economic policy 
942 |c BK 
952 |0 0  |1 0  |2 ddc  |4 0  |6 363_700954000000000_KRI_E  |7 0  |9 396869  |a SDE  |b SDE  |c ST1  |d 2019-11-16  |g 395.00  |i 1550  |l 0  |o 363.700954 KRI/E  |p SDE1550  |r 2019-11-16  |w 2019-11-16  |y BK